Lesy a povodně : souhrnná studie /

Korporativní autor: Národní lesnický komitét
Další autoři: Kantor, Petr, 1944-
Jazyk: Čeština
Vydáno: Praha : Ministerstvo životního prostředí, 2003
Témata:
Externí odkaz: Digitalizovaný dokument
Fyzický popis: 48 s. : il. ; 30 cm
Knihy
Uloženo v:
LEADER 01436nam a2200385 a 4500
001 000675489
003 CZ BrMZK
005 20090114110626.0
007 ta
008 030627s2003 xr a e 000 0 cze d
015 |a cnb001255554 
020 |a 80-7212-255-X  |q (brož.) 
035 |a (OCoLC)53511035 
040 |a BOA001  |b cze 
072 7 |a 630  |x Lesnictví  |2 Konspekt  |9 24 
080 |a 630.1  |2 MRF 
080 |a 630:556.18  |2 MRF 
080 |a 627.513/.516  |2 MRF 
080 |a (048.8)  |2 MRF 
245 0 0 |a Lesy a povodně :  |b souhrnná studie /  |c Petr Kantor ... [et al.] 
260 |a Praha :  |b Ministerstvo životního prostředí,  |c 2003 
300 |a 48 s. :  |b il. ;  |c 30 cm 
504 |a Obsahuje bibliografii 
500 |a Nad názvem: Národní lesnický komitét 
500 |a Dostupné též v digitální podobě v aplikaci Kramerius 
650 0 7 |a ekologie lesa  |7 ph119818  |2 czenas 
650 0 7 |a lesnická hydrologie  |7 ph201868  |2 czenas 
650 0 7 |a protipovodňová ochrana  |7 ph124676  |2 czenas 
655 7 |a studie  |7 fd133597  |2 czenas 
700 1 |a Kantor, Petr,  |d 1944-  |7 xx0007473  |4 aut 
710 2 |a Národní lesnický komitét  |7 kn20030915005 
856 4 1 |u http://www.digitalniknihovna.cz/mzk/uuid/uuid:4ee8c620-c6be-11e2-8b87-005056827e51  |y Digitalizovaný dokument  |x NDK 
910 |a BOA001  |b 3-1121.393 
990 |a BK 
996 6 |b 2610194469  |c 3-1121.393  |l MZK  |r Sklad / do 1 hodiny  |n 18  |p p.v.  |w 000675489  |u 000010  |a 1  |e BOA001  |j MZK50  |s P